MARC details
| 000 -LEADER |
| fixed length control field |
02741nam a2200409Ka 4500 |
| 001 - CONTROL NUMBER |
| control field |
bslw06309190 |
| 003 - CONTROL NUMBER IDENTIFIER |
| control field |
UtOrBLW |
| 005 - DATE AND TIME OF LATEST TRANSACTION |
| control field |
20210303085432.0 |
| 006 - FIXED-LENGTH DATA ELEMENTS--ADDITIONAL MATERIAL CHARACTERISTICS |
| fixed length control field |
m d |
| 007 - PHYSICAL DESCRIPTION FIXED FIELD--GENERAL INFORMATION |
| fixed length control field |
cr un||||||||| |
| 008 - FIXED-LENGTH DATA ELEMENTS--GENERAL INFORMATION |
| fixed length control field |
101115s1999 enk o 000 0 eng d |
| 020 ## - INTERNATIONAL STANDARD BOOK NUMBER |
| International Standard Book Number |
9781849508230 (electronic bk.) : |
| Terms of availability |
£63.95 ; €92.95 ; $113.95 |
| 040 ## - CATALOGING SOURCE |
| Original cataloging agency |
UtOrBLW |
| Transcribing agency |
UtOrBLW |
| 050 #4 - LIBRARY OF CONGRESS CALL NUMBER |
| Classification number |
HB139 |
| Item number |
.M47 1999 |
| 072 #7 - SUBJECT CATEGORY CODE |
| Subject category code |
KCH |
| Source |
bicssc |
| 072 #7 - SUBJECT CATEGORY CODE |
| Subject category code |
ECO |
| Source |
bicssc |
| 072 #7 - SUBJECT CATEGORY CODE |
| Subject category code |
SCI034000 |
| Source |
bisacsh |
| 072 #7 - SUBJECT CATEGORY CODE |
| Subject category code |
BUS021000 |
| Source |
bisacsh |
| 080 ## - UNIVERSAL DECIMAL CLASSIFICATION NUMBER |
| Universal Decimal Classification number |
330.43 |
| 082 04 - DEWEY DECIMAL CLASSIFICATION NUMBER |
| Classification number |
330.015195 |
| Edition number |
22 |
| 245 00 - TITLE STATEMENT |
| Title |
Messy data |
| Medium |
[electronic resource] : |
| Remainder of title |
missing observations, outliers, and mixed-frequency data / |
| Statement of responsibility, etc. |
edited by R. Carter Hill. |
| 260 ## - PUBLICATION, DISTRIBUTION, ETC. |
| Place of publication, distribution, etc. |
Bingley, U.K. : |
| Name of publisher, distributor, etc. |
Emerald, |
| Date of publication, distribution, etc. |
1999. |
| 300 ## - PHYSICAL DESCRIPTION |
| Extent |
1 online resource (xii, 305 p.). |
| 490 1# - SERIES STATEMENT |
| Series statement |
Advances in econometrics, |
| International Standard Serial Number |
0731-9053 ; |
| Volume/sequential designation |
v. 13 |
| 505 0# - FORMATTED CONTENTS NOTE |
| Formatted contents note |
Testing for random individual and time effects using unbalanced panel data / Qi Li -- Messy time series : a unified approach / Jeremy Penzer -- Simulation of multinomial probit probabilities and imputation of missing data / Steven Stern -- Temporal disaggregation, missing observations, outliers, and forecasting : a unifying non-model-based procedure / Massimiliano Marcellino -- Testing for unit roots in economic time series with missing observations / David E.A. Giles -- A statistical approach for disaggregating mixed-frequency economic / Zhao-Guo Chen -- Influential data diagnostics for transition data / Larry W. Taylor -- The effects of different types of outliers on unit root tests / G.S. Maddala -- An extended yule-walker method for estimating a vector autoregressive model with mixed-frequencey data / Peter A. Zadrozny -- Missing data from infrequency of purchase : Bayesian estimation of a linear expenditure system / Ma. Rebecca Valenzuela -- Introduction / Carter Hill. |
| 520 ## - SUMMARY, ETC. |
| Summary, etc. |
Often applied econometricians are faced with working with data that is less than ideal. The data may be observed with gaps in it, a model may suggest variables that are observed at different frequencies, and sometimes econometric results are very fragile to the inclusion or omission of just a few observations in the sample. Papers in this volume discuss new econometric techniques for addressing these problems. |
| 588 0# - SOURCE OF DESCRIPTION NOTE |
| Source of description note |
Print version record |
| 650 #7 - SUBJECT ADDED ENTRY--TOPICAL TERM |
| Topical term or geographic name entry element |
Science |
| General subdivision |
History. |
| Source of heading or term |
bisacsh |
| 650 #7 - SUBJECT ADDED ENTRY--TOPICAL TERM |
| Topical term or geographic name entry element |
Business & Economics |
| General subdivision |
Econometrics. |
| Source of heading or term |
bisacsh |
| 650 #7 - SUBJECT ADDED ENTRY--TOPICAL TERM |
| Topical term or geographic name entry element |
Econometrics. |
| Source of heading or term |
bicssc |
| 650 #0 - SUBJECT ADDED ENTRY--TOPICAL TERM |
| Topical term or geographic name entry element |
Econometrics. |
| 700 1# - ADDED ENTRY--PERSONAL NAME |
| Personal name |
Hill, R. Carter. |
| 776 1# - ADDITIONAL PHYSICAL FORM ENTRY |
| International Standard Book Number |
9780762303038 |
| 830 #0 - SERIES ADDED ENTRY--UNIFORM TITLE |
| Uniform title |
Advances in econometrics ; |
| Volume/sequential designation |
v. 13. |
| 856 40 - ELECTRONIC LOCATION AND ACCESS |
| Uniform Resource Identifier |
<a href="https://www.emerald.com/insight/publication/doi/10.1108/S0731-9053(1999)13">https://www.emerald.com/insight/publication/doi/10.1108/S0731-9053(1999)13</a> |
| 913 ## - |
| -- |
BMEbacklist |